| 000 | 00651nam a2200217 i 4500 | ||
|---|---|---|---|
| 001 | 185467 | ||
| 003 | SpMaBN | ||
| 005 | 20230906222438.0 | ||
| 008 | 160607s1981 sp |||| | spa d | ||
| 020 | _a84-204-2301-7 | ||
| 080 | _a821.111(417)-31"19" | ||
| 100 | 1 |
_aMurdoch, Iris. _984562 |
|
| 245 | 1 | 0 |
_aHenry y Cato / _cIris Murdoch ; traducción de Luis Lasse. |
| 260 |
_aMadrid : _bAlfaguara, _c1981. |
||
| 300 |
_a439 p. ; _c22 cm. |
||
| 490 | 1 | _aLiteratura Alfaguara | |
| 700 | 1 |
_aLasse, Luis. _9159803 |
|
| 830 | 0 |
_aLiteratura Alfaguara _9178100 |
|
| 852 |
_aES-MaACL _jL-30356 _z. - Donat. Miguel A. Velasco |
||
| 999 |
_c185467 _d185467 |
||